[Event "2021 US Open 4-Day Schedule"]
[Site "Crowne Plaza Cherry Hill, United States"]
[Date "????.??.??"]
[Round "6.1"]
[White "Niemann, Hans"]
[Black "Akobian, Varuzhan"]
[Result "1-0"]
[TimeControl "G/60;d5"]
[WhiteTitle "GM"]
[BlackTitle "GM"]
[WhiteElo "2648"]
[BlackElo "2678"]

1. c4 {[%clk 00:59:10]} e6 {[%clk 00:59:16]} {[%emt 00:00:11]} 2. Nf3 {[%clk
00:59:08]} {[%emt 00:00:33]} d5 {[%clk 00:59:16]} 3. g3 {[%clk 00:59:08]} Nf6
{[%clk 00:59:00]} {[%emt 00:01:18]} 4. Bg2 {[%clk 00:59:07]} dxc4 {[%clk
00:58:26]} 5. Qa4+ {[%clk 00:59:06]} Nbd7 {[%clk 00:57:53]} {[%emt 00:00:14]} 6.
Qxc4 {[%clk 00:59:06]} {[%emt 00:00:18]} a6 {[%clk 00:57:51]} 7. Qc2 {[%clk
00:59:06]} {[%emt 00:00:12]} c5 {[%clk 00:57:20]} {[%emt 00:02:31]} 8. Nc3
{[%clk 00:59:06]} Qc7 {[%clk 00:52:23]} {[%emt 00:04:50]} 9. O-O {[%clk
00:59:06]} b5 {[%clk 00:50:14]} {[%emt 00:00:22]} 10. a4 {[%clk 00:59:06]}
{[%emt 00:00:04]} b4 {[%clk 00:49:49]} {[%emt 00:00:49]} 11. Nd1 {[%clk
00:59:06]} Bb7 {[%clk 00:48:56]} {[%emt 00:00:56]} 12. Ne3 {[%clk 00:59:06]}
Be7 {[%clk 00:46:35]} {[%emt 00:02:14]} 13. b3 {[%clk 00:59:06]} {[%emt
00:00:37]} a5 {[%clk 00:44:41]} {[%emt 00:01:47]} 14. Bb2 {[%clk 00:59:05]} O-O
{[%clk 00:44:17]} {[%emt 00:00:23]} 15. Rac1 {[%clk 00:59:05]} Rfd8 {[%clk
00:42:19]} {[%emt 00:01:52]} 16. d3 {[%clk 00:58:35]} {[%emt 00:00:35]} Nd5
{[%clk 00:41:49]} {[%emt 00:00:36]} 17. Nc4 {[%clk 00:55:30]} {[%emt 00:03:34]}
Bf6 {[%clk 00:41:02]} {[%emt 00:00:32]} 18. e4 {[%clk 00:54:05]} {[%emt
00:01:23]} Nc3 {[%clk 00:37:06]} {[%emt 00:04:13]} 19. Rfe1 {[%clk 00:51:49]}
{[%emt 00:02:09]} Bd4 {[%clk 00:36:50]} {[%emt 00:00:37]} 20. Na3 {[%clk
00:51:45]} Ba6 {[%clk 00:22:51]} {[%emt 00:14:18]} 21. Nb1 {[%clk 00:50:01]}
{[%emt 00:01:29]} Ne5 {[%clk 00:22:26]} {[%emt 00:00:33]} 22. Nxe5 {[%clk
00:48:55]} {[%emt 00:01:36]} Qxe5 {[%clk 00:22:06]} 23. Nxc3 {[%clk 00:48:28]}
{[%emt 00:01:36]} Bxd3 {[%clk 00:21:19]} 24. Qd2 {[%clk 00:48:24]} bxc3 {[%clk
00:18:38]} {[%emt 00:02:40]} 25. Bxc3 {[%clk 00:48:24]} {[%emt 00:00:16]} Bxc3
{[%clk 00:08:34]} {[%emt 00:09:56]} 26. Qxc3 {[%clk 00:48:23]} {[%emt
00:00:05]} Qxc3 {[%clk 00:08:07]} {[%emt 00:01:20]} 27. Rxc3 {[%clk 00:48:23]}
Rab8 {[%clk 00:07:31]} 28. h4 {[%clk 00:47:39]} {[%emt 00:00:45]} Ba6 {[%clk
00:00:35]} {[%emt 00:07:12]} 29. Rxc5 {[%clk 00:47:39]} Rxb3 {[%clk 00:00:35]}
30. Rxa5 {[%clk 00:47:39]} Rb6 {[%clk 00:00:17]} {[%emt 00:00:20]} 31. e5
{[%clk 00:47:09]} {[%emt 00:00:54]} g6 {[%clk 00:00:17]} 32. Rc5 {[%clk
00:46:56]} {[%emt 00:00:44]} Rb2 {[%clk 00:00:04]} 33. Rc6 {[%clk 00:45:31]}
{[%emt 00:01:03]} Bb7 {[%clk 00:00:04]} {[%emt 00:00:25]} 34. Rd6 {[%clk
00:45:31]} 1-0

[Event "2021 US Open 4-Day Schedule"]
[Site "Crowne Plaza Cherry Hill, United States"]
[Date "????.??.??"]
[Round "6.2"]
[White "Gareyev, Timur"]
[Black "Moradiabadi, Elshan"]
[Result "1-0"]
[TimeControl "G/60;d5"]
[BlackTitle "GM"]
[WhiteElo "2692"]
[BlackElo "2649"]

1. d4 {[%clk 00:53:44]} {[%emt 00:01:49]} d5 {[%clk 01:00:00]} {[%emt
00:00:11]} 2. c4 {[%clk 00:53:42]} e6 {[%clk 01:00:00]} {[%emt 00:00:23]} 3.
Nf3 {[%clk 00:53:14]} {[%emt 00:00:43]} Nf6 {[%clk 01:00:00]} 4. g3 {[%clk
00:52:19]} {[%emt 00:01:15]} dxc4 {[%clk 01:00:00]} 5. Bg2 {[%clk 00:52:19]} a6
{[%clk 00:58:18]} {[%emt 00:01:23]} 6. O-O {[%clk 00:51:32]} {[%emt 00:00:46]}
Nc6 {[%clk 00:58:18]} {[%emt 00:00:15]} 7. e3 {[%clk 00:50:19]} {[%emt
00:01:00]} Rb8 {[%clk 00:58:15]} {[%emt 00:00:22]} 8. Qe2 {[%clk 00:49:57]}
{[%emt 00:00:44]} b5 {[%clk 00:58:15]} 9. Rd1 {[%clk 00:49:03]} {[%emt
00:00:34]} Be7 {[%clk 00:57:02]} {[%emt 00:01:18]} 10. b3 {[%clk 00:47:07]}
{[%emt 00:02:04]} cxb3 {[%clk 00:56:41]} {[%emt 00:00:34]} 11. axb3 {[%clk
00:47:06]} O-O {[%clk 00:56:40]} {[%emt 00:00:11]} 12. e4 {[%clk 00:45:48]}
{[%emt 00:01:14]} Nb4 {[%clk 00:54:30]} {[%emt 00:02:38]} 13. Nc3 {[%clk
00:45:02]} {[%emt 00:00:46]} Bb7 {[%clk 00:54:27]} 14. Bf4 {[%clk 00:45:02]}
Nd7 {[%clk 00:52:43]} {[%emt 00:01:53]} 15. Rac1 {[%clk 00:42:07]} {[%emt
00:03:00]} Rc8 {[%clk 00:48:55]} {[%emt 00:03:44]} 16. h4 {[%clk 00:40:07]}
{[%emt 00:02:10]} Bd6 {[%clk 00:44:45]} {[%emt 00:04:42]} 17. Be3 {[%clk
00:35:21]} {[%emt 00:04:17]} Qe8 {[%clk 00:43:29]} {[%emt 00:01:27]} 18. h5
{[%clk 00:25:49]} {[%emt 00:10:07]} f5 {[%clk 00:31:12]} {[%emt 00:12:01]} 19.
h6 {[%clk 00:25:18]} {[%emt 00:01:14]} g6 {[%clk 00:27:32]} {[%emt 00:03:04]}
20. e5 {[%clk 00:19:54]} {[%emt 00:05:14]} Be7 {[%clk 00:27:32]} {[%emt
00:00:45]} 21. d5 {[%clk 00:19:12]} {[%emt 00:00:30]} Nxd5 {[%clk 00:26:58]}
{[%emt 00:00:13]} 22. Nxd5 {[%clk 00:19:11]} {[%emt 00:00:16]} exd5 {[%clk
00:25:51]} {[%emt 00:01:43]} 23. Nd4 {[%clk 00:14:55]} {[%emt 00:03:37]} Nxe5
{[%clk 00:17:19]} {[%emt 00:08:38]} 24. Ne6 {[%clk 00:13:18]} {[%emt 00:02:17]}
Qf7 {[%clk 00:09:16]} {[%emt 00:07:33]} 25. Nxf8 {[%clk 00:11:58]} {[%emt
00:01:28]} Bxf8 {[%clk 00:09:16]} {[%emt 00:00:03]} 26. Bg5 {[%clk 00:05:08]}
{[%emt 00:07:50]} Nd7 {[%clk 00:08:27]} {[%emt 00:00:04]} 27. Qd2 {[%clk
00:04:39]} {[%emt 00:01:24]} Nc5 {[%clk 00:06:40]} {[%emt 00:00:57]} 28. Bxd5
{[%clk 00:04:18]} {[%emt 00:00:31]} Bxd5 {[%clk 00:05:56]} {[%emt 00:00:44]} 29.
Qxd5 {[%clk 00:04:18]} {[%emt 00:00:04]} Qxd5 {[%clk 00:05:55]} {[%emt
00:00:06]} 30. Rxd5 {[%clk 00:04:18]} Nxb3 {[%clk 00:05:55]} {[%emt 00:00:04]}
31. Rc6 {[%clk 00:04:10]} {[%emt 00:00:44]} a5 {[%clk 00:05:49]} 32. Rd7 {[%clk
00:04:08]} Re8 {[%clk 00:03:21]} {[%emt 00:02:52]} 33. Rcxc7 {[%clk 00:03:03]}
{[%emt 00:00:33]} Nc5 {[%clk 00:02:56]} {[%emt 00:00:34]} 34. Rg7+ {[%clk
00:01:08]} {[%emt 00:02:35]} Bxg7 {[%clk 00:02:56]} 35. Rxg7+ {[%clk 00:01:08]}
Kf8 {[%clk 00:02:56]} 36. Rxh7 {[%clk 00:01:08]} Re1+ {[%clk 00:02:15]} {[%emt
00:00:25]} 37. Kg2 {[%clk 00:01:08]} Ne4 {[%clk 00:01:42]} {[%emt 00:01:00]} 38.
Re7 {[%clk 00:00:29]} {[%emt 00:00:17]} Nxg5 {[%clk 00:00:42]} {[%emt
00:01:01]} 39. Rxe1 {[%clk 00:00:29]} {[%emt 00:00:06]} Ne4 {[%clk 00:00:42]}
40. f3 {[%clk 00:00:25]} {[%emt 00:00:11]} Nf6 {[%clk 00:00:27]} {[%emt
00:00:18]} 41. Re6 {[%clk 00:00:25]} Kf7 {[%clk 00:00:27]} 42. Re5 {[%clk
00:00:16]} {[%emt 00:00:15]} Kg8 {[%clk 00:00:19]} {[%emt 00:00:37]} 43. Re6
{[%clk 00:00:16]} {[%emt 00:00:04]} Kf7 {[%clk 00:00:19]} 44. Rb6 {[%clk
00:00:16]} b4 {[%clk 00:00:19]} 45. Kh3 {[%clk 00:00:16]} g5 {[%clk 00:00:19]}
46. Rb5 {[%clk 00:00:13]} {[%emt 00:00:06]} Kg6 {[%clk 00:00:19]} 47. Rxa5
{[%clk 00:00:13]} g4+ {[%clk 00:00:19]} 48. fxg4 {[%clk 00:00:13]} {[%emt
00:00:28]} Nxg4 {[%clk 00:00:18]} 49. Ra6+ {[%clk 00:00:13]} Kh7 {[%clk
00:00:18]} 50. Kh4 {[%clk 00:00:13]} b3 {[%clk 00:00:17]} 51. Kg5 {[%clk
00:00:13]} 1-0

[Event "2021 US Open 4-Day Schedule"]
[Site "Crowne Plaza Cherry Hill, United States"]
[Date "????.??.??"]
[Round "6.3"]
[White "Liang, Awonder"]
[Black "Jacobson, Brandon"]
[Result "1-0"]
[TimeControl "G/60;d5"]
[WhiteTitle "GM"]
[BlackTitle "GM"]
[WhiteElo "2674"]
[BlackElo "2596"]

1. Nf3 {[%clk 01:00:00]} d5 {[%clk 00:58:16]} {[%emt 00:02:33]} 2. g3 {[%clk
00:59:59]} Nd7 {[%clk 00:57:22]} {[%emt 00:00:50]} 3. d4 {[%clk 00:59:56]} Nb6
{[%clk 00:57:21]} 4. Bg2 {[%clk 00:59:56]} Bf5 {[%clk 00:57:11]} {[%emt
00:00:10]} 5. O-O {[%clk 00:59:47]} {[%emt 00:00:05]} h6 {[%clk 00:56:31]}
{[%emt 00:01:09]} 6. Ne5 {[%clk 00:56:31]} {[%emt 00:03:05]} c6 {[%clk
00:53:57]} {[%emt 00:02:58]} 7. c4 {[%clk 00:53:36]} {[%emt 00:02:33]} Nf6
{[%clk 00:52:35]} {[%emt 00:01:28]} 8. a4 {[%clk 00:51:53]} {[%emt 00:02:45]}
Nbd7 {[%clk 00:48:27]} {[%emt 00:03:15]} 9. a5 {[%clk 00:50:08]} {[%emt
00:01:54]} a6 {[%clk 00:42:44]} {[%emt 00:05:45]} 10. Qb3 {[%clk 00:48:48]}
{[%emt 00:01:25]} Ra7 {[%clk 00:42:40]} {[%emt 00:00:10]} 11. cxd5 {[%clk
00:41:56]} {[%emt 00:06:57]} cxd5 {[%clk 00:42:37]} {[%emt 00:00:23]} 12. Nxd7
{[%clk 00:41:05]} {[%emt 00:00:44]} Bxd7 {[%clk 00:26:34]} {[%emt 00:16:25]} 13.
Bxd5 {[%clk 00:40:28]} {[%emt 00:00:22]} Nxd5 {[%clk 00:26:31]} {[%emt
00:00:15]} 14. Qxd5 {[%clk 00:40:26]} {[%emt 00:00:24]} Bh3 {[%clk 00:22:21]}
{[%emt 00:03:47]} 15. Qxd8+ {[%clk 00:40:17]} {[%emt 00:00:19]} Kxd8 {[%clk
00:22:21]} 16. Rd1 {[%clk 00:40:03]} {[%emt 00:00:22]} e6 {[%clk 00:22:21]}
{[%emt 00:00:03]} 17. Nc3 {[%clk 00:39:02]} {[%emt 00:01:46]} Bb4 {[%clk
00:22:11]} 18. Ra4 {[%clk 00:35:59]} {[%emt 00:03:13]} Bd6 {[%clk 00:20:43]}
{[%emt 00:01:52]} 19. Ne4 {[%clk 00:34:16]} {[%emt 00:01:08]} Bc7 {[%clk
00:19:14]} {[%emt 00:01:48]} 20. Bf4 {[%clk 00:20:22]} {[%emt 00:13:34]} Bxf4
{[%clk 00:14:07]} {[%emt 00:05:10]} 21. gxf4 {[%clk 00:20:22]} {[%emt
00:00:34]} Re8 {[%clk 00:14:05]} 22. Rc1 {[%clk 00:19:46]} {[%emt 00:00:23]}
Re7 {[%clk 00:13:38]} {[%emt 00:00:26]} 23. Rb4 {[%clk 00:19:38]} {[%emt
00:00:35]} Rc7 {[%clk 00:13:07]} {[%emt 00:00:19]} 24. Rxc7 {[%clk 00:19:36]}
{[%emt 00:00:04]} Kxc7 {[%clk 00:13:07]} {[%emt 00:00:04]} 25. Nc5 {[%clk
00:19:08]} {[%emt 00:00:35]} g5 {[%clk 00:12:37]} {[%emt 00:00:52]} 26. fxg5
{[%clk 00:18:56]} hxg5 {[%clk 00:12:37]} 27. Rb6 {[%clk 00:18:00]} {[%emt
00:00:57]} 1-0

[Event "2021 US Open 4-Day Schedule"]
[Site "Crowne Plaza Cherry Hill, United States"]
[Date "????.??.??"]
[Round "6.4"]
[White "Shabalov, Alexander"]
[Black "Lin, Michael"]
[Result "1-0"]
[TimeControl "G/60;d5"]
[WhiteTitle "GM"]
[WhiteElo "2624"]
[BlackElo "2160"]

1. e4 {[%clk 00:59:41]} e6 {[%clk 00:59:57]} {[%emt 00:00:39]} 2. d4 {[%clk
00:59:16]} d5 {[%clk 00:59:51]} {[%emt 00:00:14]} 3. Nc3 {[%clk 00:59:02]}
{[%emt 00:00:24]} Bb4 {[%clk 00:59:50]} 4. e5 {[%clk 00:57:33]} {[%emt
00:01:45]} c5 {[%clk 00:59:48]} 5. a3 {[%clk 00:57:33]} Bxc3+ {[%clk 00:59:47]}
{[%emt 00:00:25]} 6. bxc3 {[%clk 00:57:33]} Ne7 {[%clk 00:59:43]} 7. h4 {[%clk
00:57:26]} {[%emt 00:00:03]} Qc7 {[%clk 00:57:52]} {[%emt 00:02:18]} 8. Nf3
{[%clk 00:56:07]} {[%emt 00:01:31]} h5 {[%clk 00:55:43]} {[%emt 00:02:53]} 9.
a4 {[%clk 00:55:30]} b6 {[%clk 00:51:07]} {[%emt 00:04:15]} 10. Bb5+ {[%clk
00:54:28]} {[%emt 00:01:06]} Bd7 {[%clk 00:49:08]} {[%emt 00:02:01]} 11. Bd3
{[%clk 00:54:26]} {[%emt 00:00:29]} c4 {[%clk 00:47:23]} {[%emt 00:02:33]} 12.
Be2 {[%clk 00:54:25]} Nbc6 {[%clk 00:47:16]} 13. Ba3 {[%clk 00:51:38]} {[%emt
00:02:54]} Nf5 {[%clk 00:46:47]} 14. Ng5 {[%clk 00:50:02]} {[%emt 00:01:41]} g6
{[%clk 00:46:39]} {[%emt 00:00:15]} 15. Rh3 {[%clk 00:46:05]} {[%emt 00:04:01]}
Na5 {[%clk 00:45:56]} {[%emt 00:00:50]} 16. g4 {[%clk 00:42:17]} {[%emt
00:03:35]} hxg4 {[%clk 00:45:03]} {[%emt 00:00:58]} 17. Bxg4 {[%clk 00:42:15]}
{[%emt 00:01:00]} Nxh4 {[%clk 00:28:50]} {[%emt 00:15:24]} 18. Ke2 {[%clk
00:33:58]} {[%emt 00:08:30]} f5 {[%clk 00:24:54]} {[%emt 00:03:54]} 19. Qh1
{[%clk 00:27:20]} {[%emt 00:07:10]} fxg4 {[%clk 00:21:07]} {[%emt 00:03:24]} 20.
Rxh4 {[%clk 00:27:20]} {[%emt 00:00:32]} Rg8 {[%clk 00:14:04]} {[%emt
00:06:41]} 21. Rh7 {[%clk 00:15:49]} {[%emt 00:11:44]} O-O-O {[%clk 00:10:08]}
{[%emt 00:03:52]} 22. Nf7 {[%clk 00:14:46]} {[%emt 00:01:16]} Qc6 {[%clk
00:08:54]} {[%emt 00:01:13]} 23. Nxd8 {[%clk 00:11:32]} {[%emt 00:03:18]} Qxa4
{[%clk 00:08:26]} {[%emt 00:00:48]} 24. Kd2 {[%clk 00:10:44]} {[%emt 00:00:38]}
Rxd8 {[%clk 00:07:20]} {[%emt 00:01:45]} 25. Be7 {[%clk 00:10:33]} {[%emt
00:00:20]} 1-0

[Event "2021 US Open 4-Day Schedule"]
[Site "Crowne Plaza Cherry Hill, United States"]
[Date "????.??.??"]
[Round "6.5"]
[White "Macaspac, Arthur"]
[Black "Hungaski, Robert"]
[Result "1/2-1/2"]
[TimeControl "G/60;d5"]
[BlackTitle "GM"]
[WhiteElo "2215"]
[BlackElo "2595"]

1. d4 {[%clk 01:00:00]} d5 {[%clk 00:50:49]} {[%emt 00:08:51]} 2. Bf4 {[%clk
00:59:54]} {[%emt 00:00:45]} c5 {[%clk 00:50:44]} 3. e3 {[%clk 00:58:58]}
{[%emt 00:01:09]} Nc6 {[%clk 00:50:42]} 4. Nf3 {[%clk 00:57:25]} {[%emt
00:01:33]} Nf6 {[%clk 00:50:23]} {[%emt 00:00:19]} 5. c3 {[%clk 00:56:53]}
{[%emt 00:00:26]} Qb6 {[%clk 00:50:13]} {[%emt 00:00:49]} 6. Qb3 {[%clk
00:56:36]} c4 {[%clk 00:50:12]} 7. Qc2 {[%clk 00:56:30]} Bf5 {[%clk 00:49:56]}
{[%emt 00:00:58]} 8. Qc1 {[%clk 00:56:30]} Nh5 {[%clk 00:48:42]} {[%emt
00:00:51]} 9. Be2 {[%clk 00:54:50]} {[%emt 00:01:54]} Nxf4 {[%clk 00:46:29]}
{[%emt 00:02:02]} 10. exf4 {[%clk 00:54:50]} {[%emt 00:00:03]} e6 {[%clk
00:46:20]} {[%emt 00:00:14]} 11. O-O {[%clk 00:53:37]} {[%emt 00:01:29]} Bd6
{[%clk 00:45:27]} {[%emt 00:01:04]} 12. Re1 {[%clk 00:51:35]} {[%emt 00:02:47]}
O-O {[%clk 00:44:36]} 13. g3 {[%clk 00:51:06]} {[%emt 00:01:07]} f6 {[%clk
00:40:56]} {[%emt 00:03:10]} 14. Nbd2 {[%clk 00:50:40]} {[%emt 00:00:44]} Rae8
{[%clk 00:38:15]} {[%emt 00:02:52]} 15. b3 {[%clk 00:48:49]} {[%emt 00:02:04]}
cxb3 {[%clk 00:38:08]} 16. axb3 {[%clk 00:48:23]} {[%emt 00:01:42]} e5 {[%clk
00:36:56]} 17. fxe5 {[%clk 00:45:57]} {[%emt 00:02:21]} fxe5 {[%clk 00:36:52]}
{[%emt 00:00:40]} 18. dxe5 {[%clk 00:43:51]} {[%emt 00:01:51]} Nxe5 {[%clk
00:36:07]} {[%emt 00:00:46]} 19. Nd4 {[%clk 00:42:18]} {[%emt 00:01:30]} Bc5
{[%clk 00:34:21]} {[%emt 00:01:52]} 20. N2f3 {[%clk 00:40:32]} {[%emt
00:02:00]} Be4 {[%clk 00:30:49]} {[%emt 00:03:28]} 21. Nxe5 {[%clk 00:39:20]}
{[%emt 00:01:55]} Rxe5 {[%clk 00:27:43]} {[%emt 00:02:42]} 22. Qd2 {[%clk
00:34:09]} {[%emt 00:05:52]} Ref5 {[%clk 00:24:39]} {[%emt 00:02:35]} 23. Rf1
{[%clk 00:31:50]} {[%emt 00:02:45]} R5f6 {[%clk 00:24:39]} 24. b4 {[%clk
00:30:29]} {[%emt 00:01:21]} Bd6 {[%clk 00:17:49]} {[%emt 00:07:08]} 25. Bd3
{[%clk 00:27:53]} {[%emt 00:02:27]} Be5 {[%clk 00:17:42]} {[%emt 00:00:12]} 26.
Bxe4 {[%clk 00:26:40]} {[%emt 00:00:58]} dxe4 {[%clk 00:17:42]} {[%emt
00:00:26]} 27. Rae1 {[%clk 00:26:30]} Bxd4 {[%clk 00:17:25]} {[%emt 00:00:08]}
28. cxd4 {[%clk 00:25:04]} {[%emt 00:01:34]} Re8 {[%clk 00:14:53]} {[%emt
00:02:41]} 29. Re3 {[%clk 00:20:34]} {[%emt 00:05:00]} Rd6 {[%clk 00:14:26]}
{[%emt 00:00:11]} 30. Rd1 {[%clk 00:20:14]} {[%emt 00:00:25]} Kf8 {[%clk
00:13:06]} {[%emt 00:01:43]} 31. d5 {[%clk 00:19:07]} {[%emt 00:00:54]} Re5
{[%clk 00:10:26]} {[%emt 00:02:47]} 32. Qe1 {[%clk 00:17:00]} {[%emt 00:02:45]}
Rdxd5 {[%clk 00:07:50]} {[%emt 00:01:54]} 33. Rxd5 {[%clk 00:16:46]} {[%emt
00:00:18]} Rxd5 {[%clk 00:07:50]} {[%emt 00:00:39]} 34. Rxe4 {[%clk 00:16:46]}
Rd8 {[%clk 00:04:17]} {[%emt 00:03:02]} 35. Qe2 {[%clk 00:13:59]} {[%emt
00:03:34]} Qd6 {[%clk 00:03:40]} {[%emt 00:00:04]} 36. Kg2 {[%clk 00:12:33]}
{[%emt 00:01:41]} h6 {[%clk 00:03:08]} {[%emt 00:00:23]} 37. Qf3+ {[%clk
00:11:47]} {[%emt 00:01:20]} Kg8 {[%clk 00:03:08]} 38. h4 {[%clk 00:10:35]}
{[%emt 00:00:59]} a6 {[%clk 00:03:00]} {[%emt 00:00:05]} 39. h5 {[%clk
00:10:06]} {[%emt 00:00:47]} Qd7 {[%clk 00:02:57]} 40. g4 {[%clk 00:07:45]}
{[%emt 00:02:32]} Rf8 {[%clk 00:02:57]} 41. Rf4 {[%clk 00:06:37]} {[%emt
00:01:04]} Rxf4 {[%clk 00:02:57]} {[%emt 00:00:39]} 42. Qxf4 {[%clk 00:06:37]}
Qd5+ {[%clk 00:02:56]} 43. f3 {[%clk 00:06:22]} Kh7 {[%clk 00:02:49]} {[%emt
00:00:05]} 44. Kg3 {[%clk 00:04:35]} {[%emt 00:01:51]} b6 {[%clk 00:02:49]}
{[%emt 00:00:38]} 45. Qc7 {[%clk 00:03:57]} {[%emt 00:00:22]} Qd4 {[%clk
00:02:49]} 46. Qc2+ {[%clk 00:03:49]} {[%emt 00:00:32]} Kg8 {[%clk 00:02:42]}
47. Qc8+ {[%clk 00:03:49]} Kf7 {[%clk 00:02:42]} 48. Qc7+ {[%clk 00:03:05]}
{[%emt 00:00:45]} Kf6 {[%clk 00:02:03]} {[%emt 00:00:35]} 49. Qc6+ {[%clk
00:03:03]} {[%emt 00:00:10]} Ke7 {[%clk 00:02:03]} 50. Qc7+ {[%clk 00:02:46]}
{[%emt 00:00:26]} Ke6 {[%clk 00:02:03]} {[%emt 00:00:21]} 51. Qc8+ {[%clk
00:02:44]} Kd5 {[%clk 00:01:27]} {[%emt 00:00:25]} 52. Qxa6 {[%clk 00:02:43]}
{[%emt 00:00:06]} Qxb4 {[%clk 00:00:54]} {[%emt 00:01:05]} 53. Qb7+ {[%clk
00:02:43]} Ke6 {[%clk 00:00:54]} 54. Qxg7 {[%clk 00:02:43]} Qe1+ {[%clk
00:00:48]} 55. Kg2 {[%clk 00:01:56]} {[%emt 00:00:43]} Qe2+ {[%clk 00:00:48]}
{[%emt 00:00:07]} 56. Kg1 {[%clk 00:01:47]} {[%emt 00:00:10]} Qe1+ {[%clk
00:00:24]} {[%emt 00:00:42]} 57. Kg2 {[%clk 00:01:42]} Qe2+ {[%clk 00:00:24]}
{[%emt 00:00:08]} 58. Kg1 {[%clk 00:01:19]} {[%emt 00:00:23]} Qe1+ {[%emt
00:00:09]} 1/2-1/2

[Event "2021 US Open 4-Day Schedule"]
[Site "Crowne Plaza Cherry Hill, United States"]
[Date "????.??.??"]
[Round "6.6"]
[White "Fedorowicz, John"]
[Black "Harrison, Joshua Alan"]
[Result "1-0"]
[TimeControl "G/60;d5"]
[WhiteTitle "GM"]
[WhiteElo "2445"]
[BlackElo "2129"]

1. d4 {[%clk 00:59:44]} d5 {[%clk 01:00:00]} 2. c4 {[%clk 00:59:34]} {[%emt
00:00:19]} e6 {[%clk 01:00:00]} 3. Nc3 {[%clk 00:59:15]} {[%emt 00:00:29]} c5
{[%clk 00:59:56]} 4. cxd5 {[%clk 00:59:10]} {[%emt 00:00:05]} cxd4 {[%clk
00:59:52]} {[%emt 00:00:24]} 5. Qa4+ {[%clk 00:59:09]} Bd7 {[%clk 00:59:42]}
{[%emt 00:00:08]} 6. Qxd4 {[%clk 00:59:07]} {[%emt 00:00:21]} exd5 {[%clk
00:59:31]} {[%emt 00:00:09]} 7. Qxd5 {[%clk 00:59:03]} {[%emt 00:01:09]} Nf6
{[%clk 00:59:23]} 8. Qd1 {[%clk 00:59:01]} Bc5 {[%clk 00:59:01]} 9. e3 {[%clk
00:58:44]} O-O {[%clk 00:58:38]} {[%emt 00:00:32]} 10. Nf3 {[%clk 00:58:34]}
{[%emt 00:00:21]} Nc6 {[%clk 00:58:26]} {[%emt 00:00:05]} 11. Be2 {[%clk
00:56:28]} {[%emt 00:02:46]} a6 {[%clk 00:56:25]} {[%emt 00:01:38]} 12. O-O
{[%clk 00:56:22]} {[%emt 00:00:10]} Qc7 {[%clk 00:56:12]} {[%emt 00:00:18]} 13.
a3 {[%clk 00:53:50]} {[%emt 00:02:43]} Rad8 {[%clk 00:55:48]} {[%emt 00:00:17]}
14. Qc2 {[%clk 00:53:28]} {[%emt 00:00:36]} Ne5 {[%clk 00:53:09]} {[%emt
00:02:35]} 15. Na4 {[%clk 00:51:41]} {[%emt 00:02:02]} Bxa4 {[%clk 00:52:20]}
{[%emt 00:00:47]} 16. Qxa4 {[%clk 00:51:39]} {[%emt 00:00:15]} Rfe8 {[%clk
00:50:56]} {[%emt 00:01:49]} 17. Qc2 {[%clk 00:50:36]} {[%emt 00:00:37]} Nfg4
{[%clk 00:49:41]} {[%emt 00:01:22]} 18. Nxe5 {[%clk 00:50:22]} {[%emt
00:00:29]} Nxe5 {[%clk 00:49:36]} {[%emt 00:00:08]} 19. b4 {[%clk 00:48:40]}
{[%emt 00:01:46]} Bb6 {[%clk 00:49:00]} {[%emt 00:00:32]} 20. Qxc7 {[%clk
00:48:39]} {[%emt 00:00:18]} Bxc7 {[%clk 00:49:00]} 21. Ra2 {[%clk 00:48:36]}
{[%emt 00:00:04]} Re6 {[%clk 00:46:46]} {[%emt 00:02:52]} 22. Rc2 {[%clk
00:48:22]} Rc6 {[%clk 00:44:15]} {[%emt 00:03:03]} 23. Rxc6 {[%clk 00:48:12]}
Nxc6 {[%clk 00:44:15]} 24. Rd1 {[%clk 00:48:08]} Rxd1+ {[%clk 00:43:33]} {[%emt
00:00:43]} 25. Bxd1 {[%clk 00:48:07]} Ne5 {[%clk 00:43:20]} {[%emt 00:00:25]}
26. Be2 {[%clk 00:47:39]} {[%emt 00:00:17]} a5 {[%clk 00:42:44]} {[%emt
00:00:55]} 27. f4 {[%clk 00:46:54]} {[%emt 00:00:42]} Nd7 {[%clk 00:42:14]}
{[%emt 00:00:45]} 28. Bf3 {[%clk 00:46:41]} {[%emt 00:00:14]} axb4 {[%clk
00:41:50]} {[%emt 00:00:38]} 29. axb4 {[%clk 00:46:40]} b6 {[%clk 00:41:34]}
{[%emt 00:00:07]} 30. Bc6 {[%clk 00:46:22]} {[%emt 00:00:25]} Nb8 {[%clk
00:40:34]} {[%emt 00:01:25]} 31. Bb5 {[%clk 00:46:22]} Kf8 {[%clk 00:40:20]}
{[%emt 00:00:05]} 32. Kf2 {[%clk 00:46:00]} {[%emt 00:00:57]} Ke7 {[%clk
00:40:17]} 33. Kf3 {[%clk 00:45:28]} {[%emt 00:01:04]} Kd6 {[%clk 00:38:54]}
{[%emt 00:00:51]} 34. Bb2 {[%clk 00:45:11]} {[%emt 00:00:11]} f6 {[%clk
00:38:34]} {[%emt 00:00:35]} 35. Bd3 {[%clk 00:43:36]} {[%emt 00:01:31]} h6
{[%clk 00:38:04]} {[%emt 00:00:28]} 36. Ke4 {[%clk 00:43:21]} {[%emt 00:00:28]}
Nc6 {[%clk 00:37:44]} {[%emt 00:00:25]} 37. b5 {[%clk 00:41:53]} {[%emt
00:01:38]} Ne7 {[%clk 00:37:27]} {[%emt 00:00:50]} 38. g4 {[%clk 00:41:38]} Kd7
{[%clk 00:34:48]} {[%emt 00:02:26]} 39. h4 {[%clk 00:41:11]} {[%emt 00:00:30]}
Ke8 {[%clk 00:32:27]} {[%emt 00:02:56]} 40. Bc4 {[%clk 00:40:37]} {[%emt
00:00:09]} Kd7 {[%clk 00:30:58]} {[%emt 00:02:29]} 41. h5 {[%clk 00:40:01]} Nc8
{[%clk 00:29:17]} {[%emt 00:02:00]} 42. Bf1 {[%clk 00:39:50]} {[%emt 00:00:04]}
Nd6+ {[%clk 00:28:31]} {[%emt 00:00:35]} 43. Kd5 {[%clk 00:39:48]} {[%emt
00:00:46]} Ne8 {[%clk 00:24:55]} {[%emt 00:03:13]} 44. Bh3 {[%clk 00:39:32]}
{[%emt 00:00:09]} Bd8 {[%clk 00:23:20]} {[%emt 00:01:46]} 45. g5+ {[%clk
00:39:08]} {[%emt 00:00:25]} Ke7 {[%clk 00:22:58]} {[%emt 00:00:41]} 46. Ba3+
{[%clk 00:38:56]} {[%emt 00:00:05]} 1-0